Computer Engineering: student's book

Xehetasun bibliografikoak
Egile nagusia: Evans V. Virginia
Beste egile batzuk: Dooley J. Jenny, Nawathe V. Vishal
Gaia:Career Paths: Computer Engineering is a new educational resource for computer engineering professionals who want to improve their English communication in a work environment. Incorporating career-specific vocabulary and contexts, each unit offers step-by-step instruction that immerses students in the four key language components: reading, listening, speaking, and writing. Career Paths: Computer Engineering addresses topics including working with numbers, computer accessories, computer hardware, writing software, and operating systems. The series is organized into three levels of difficulty and offers a minimum of 400 vocabulary terms and phrases. Every unit includes a test of reading comprehension, vocabulary, and listening skills, and leads students through written and oral production. Included Features: A variety of realistic reading passages ; Career-specific dialogues ; 45 reading and listening comprehension checks ; Over 400 vocabulary terms and phrases ; Guided speaking and writing exercises ; Complete glossary of terms and phrases. The Teacher's Guide contains detailed lesson plans, a full answer key and audio scripts. The audio CDs contain all recorded material.
Hizkuntza:ingelesa
Argitaratua: Newbury, Express Publishing, 2021
Saila:Career Paths
Gaiak:
Formatua: MixedMaterials Liburua
KOHA link:https://koha.lib.tpu.ru/cgi-bin/koha/opac-detail.pl?biblionumber=346308

MARC

LEADER 00000nam0a2200000 4500
001 346308
005 20231102005854.0
010 |a 9781471541957 
035 |a (RuTPU)RU\TPU\book\378188 
090 |a 346308 
100 |a 20210803d2021 m y0engy50 ba 
101 0 |a eng 
102 |a GB 
105 |a a j 001zy 
200 1 |a Computer Engineering  |e student's book  |f V. Evans, J. Dooley, V. Nawathe 
210 |a Newbury  |c Express Publishing  |d 2021 
215 |a 117 p.  |c il. 
225 1 |a Career Paths 
320 |a Glossary at the end of the piece 
330 |a Career Paths: Computer Engineering is a new educational resource for computer engineering professionals who want to improve their English communication in a work environment. Incorporating career-specific vocabulary and contexts, each unit offers step-by-step instruction that immerses students in the four key language components: reading, listening, speaking, and writing. Career Paths: Computer Engineering addresses topics including working with numbers, computer accessories, computer hardware, writing software, and operating systems. The series is organized into three levels of difficulty and offers a minimum of 400 vocabulary terms and phrases. Every unit includes a test of reading comprehension, vocabulary, and listening skills, and leads students through written and oral production. Included Features: A variety of realistic reading passages ; Career-specific dialogues ; 45 reading and listening comprehension checks ; Over 400 vocabulary terms and phrases ; Guided speaking and writing exercises ; Complete glossary of terms and phrases. The Teacher's Guide contains detailed lesson plans, a full answer key and audio scripts. The audio CDs contain all recorded material. 
606 1 |a Компьютерные сети  |2 stltpush  |3 (RuTPU)RU\TPU\subj\15175  |9 41442 
606 1 |a Английский язык  |x Учебные руководства и пособия  |x Учебные руководства и пособия для высшей школы  |2 stltpush  |3 (RuTPU)RU\TPU\subj\29071  |9 52483 
610 1 |a учебные пособия 
610 1 |a компьютерная инженерия 
610 1 |a лексика 
610 1 |a грамматика 
610 1 |a устная речь 
610 1 |a чтение 
610 1 |a компьютеры 
610 1 |a компьютерная техника 
610 1 |a операционные системы 
610 1 |a математика 
610 1 |a количественный анализ 
610 1 |a профессиональный английский язык 
610 1 |a лексика 
610 1 |a грамматика 
675 |a 004.7(07)  |v 4 
686 |a Ш143.21-923  |v LBC/SL-A  |2 rubbk 
700 1 |a Evans  |b V.  |g Virginia 
701 1 |a Dooley  |b J.  |g Jenny 
701 1 |a Nawathe  |b V.  |g Vishal 
801 1 |a RU  |b 63413507  |c 20210803 
801 2 |a RU  |b 63413507  |c 20211007  |g RCR 
942 |c BK